[Event "OP-2012-0-02083"]
[Site "LSS email"]
[Date "2012.02.27"]
[Round "?"]
[White "Krivoshey, Dmitrij"]
[Black "Bester, Kazimierz"]
[Result "0-1"]
[WhiteElo "517"]
[BlackElo "769"]
[PlyCount "24"]
[EventDate "2012.02.22"]
[EventType "tourn (corr)"]
[EventRounds "4"]
[EventCountry "GER"]
[SourceTitle "Corr 2015"]
[Source "ChessBase"]
[SourceDate "2015.07.17"]
[SourceVersion "1"]
[SourceVersionDate "2015.07.17"]
[SourceQuality "1"]

1. e4 d5 2. Bb5+ c6 3. Bd3 dxe4 4. Bxe4 Nf6 5. d3 e6 6. Nf3 Bd6 7. Bg5 Qa5+ 8. Nc3 Nd5 9. 0-0 f6 10. Bxd5 fxg5 11. Nxg5 cxd5 12. Qh5+ g6 0-1

[Event "ZN-2012-0-01828"]
[Site "LSS email"]
[Date "2012.01.24"]
[Round "?"]
[White "Goti, Javier"]
[Black "Krivoshey, Dmitrij"]
[Result "1-0"]
[WhiteElo "760"]
[BlackElo "517"]
[PlyCount "53"]
[EventDate "2012.01.19"]
[EventType "match (corr)"]
[EventRounds "2"]
[EventCountry "GER"]
[SourceTitle "Telechess CBM 157"]
[Source "ChessBase"]
[SourceDate "2013.11.12"]
[SourceVersion "1"]
[SourceVersionDate "2013.11.12"]
[SourceQuality "1"]

1. e4 e5 2. Nf3 Nc6 3. Bb5 Nf6 4. d3 Bb4+ 5. Bd2 Bxd2+ 6. Nbxd2 0-0 7. 0-0 d6 8. c3 a6 9. Ba4 d5 10. Bxc6 bxc6 11. Nxe5 Qd6 12. Ndf3 Bg4 13. Nxg4 Nxg4 14. e5 Nxe5 15. Nd2 c5 16. Qc2 Ng4 17. Nf3 Rae8 18. h3 Nh6 19. b3 f5 20. d4 g5 21. Nxg5 Rf6 22. f4 Nf7 23. Nf3 Qxf4 24. Ne5 Qe3+ 25. Kh1 Nxe5 26. dxe5 Rxe5 27. Qd1 1-0

[Event "ZN-2012-0-01828"]
[Site "LSS email"]
[Date "2012.01.24"]
[Round "?"]
[White "Krivoshey, Dmitrij"]
[Black "Goti, Javier"]
[Result "0-1"]
[WhiteElo "517"]
[BlackElo "760"]
[PlyCount "24"]
[EventDate "2012.01.19"]
[EventType "match (corr)"]
[EventRounds "2"]
[EventCountry "GER"]
[SourceTitle "Corr 2015"]
[Source "ChessBase"]
[SourceDate "2015.07.17"]
[SourceVersion "1"]
[SourceVersionDate "2015.07.17"]
[SourceQuality "1"]

1. e4 c5 2. Nf3 Nc6 3. d4 cxd4 4. Nxd4 Nf6 5. Nc3 a6 6. a3 e6 7. b4 b5 8. Bd3 Bb7 9. Nxc6 Bxc6 10. Bg5 Be7 11. 0-0 d6 12. Qg4 Nxg4 0-1

[Event "SN-2012-0-00416"]
[Site "LSS email"]
[Date "2012.01.22"]
[Round "?"]
[White "Krivoshey, Dmitrij"]
[Black "Bester, Kazimierz"]
[Result "0-1"]
[WhiteElo "518"]
[BlackElo "713"]
[PlyCount "56"]
[EventDate "2012.01.06"]
[EventType "tourn (corr)"]
[EventRounds "6"]
[EventCountry "GER"]
[SourceTitle "Telechess CBM 153"]
[Source "ChessBase"]
[SourceDate "2013.03.14"]
[SourceVersion "1"]
[SourceVersionDate "2013.03.14"]
[SourceQuality "1"]

1. e4 d5 2. Bd3 Nc6 3. c3 d4 4. Nf3 e5 5. Bb5 f6 6. cxd4 exd4 7. d3 Bc5 8. Bxc6+ bxc6 9. 0-0 Bg4 10. Nbd2 Qd7 11. h3 Bh5 12. Nb3 Bb6 13. g4 Bf7 14. Re1 c5 15. e5 f5 16. Ng5 Bg6 17. e6 Qe7 18. Nf7 fxg4 19. Qxg4 Nf6 20. Qg2 Rb8 21. Nxh8 Bxd3 22. Bg5 Bf5 23. Bxf6 Qxf6 24. e7 g6 25. a4 a5 26. Re2 d3 27. Ree1 c4 28. Nd2 Qxh8 0-1

[Event "OP-2012-0-02015"]
[Site "LSS email"]
[Date "2012.01.21"]
[Round "?"]
[White "Krivoshey, Dmitrij"]
[Black "Rush, Bradley"]
[Result "0-1"]
[WhiteElo "517"]
[BlackElo "885"]
[PlyCount "44"]
[EventDate "2012.01.18"]
[EventType "tourn (corr)"]
[EventRounds "4"]
[EventCountry "GER"]
[SourceTitle "Telechess CBM 155"]
[Source "ChessBase"]
[SourceDate "2013.07.16"]
[SourceVersion "1"]
[SourceVersionDate "2013.07.16"]
[SourceQuality "1"]

1. e4 e6 2. Nc3 a6 3. Nf3 b5 4. a3 Bb7 5. d4 b4 6. axb4 Bxb4 7. Bd3 c5 8. 0-0 Bxc3 9. bxc3 Qc7 10. Bg5 h6 11. Bh4 Nf6 12. Bxf6 gxf6 13. c4 Rg8 14. d5 exd5 15. exd5 d6 16. Re1+ Kd8 17. Nh4 Nd7 18. f4 Nb6 19. g3 Kd7 20. Bf5+ Kd8 21. Qh5 Bc8 22. Bd3 Bg4 0-1

[Event "OP-2012-0-02015"]
[Site "LSS email"]
[Date "2012.01.21"]
[Round "?"]
[White "Neumann, Frank"]
[Black "Krivoshey, Dmitrij"]
[Result "1-0"]
[WhiteElo "678"]
[BlackElo "517"]
[PlyCount "53"]
[EventDate "2012.01.18"]
[EventType "tourn (corr)"]
[EventRounds "4"]
[EventCountry "GER"]
[SourceTitle "Telechess CBM 157"]
[Source "ChessBase"]
[SourceDate "2013.11.12"]
[SourceVersion "1"]
[SourceVersionDate "2013.11.12"]
[SourceQuality "1"]

1. b4 Nc6 2. b5 Nb4 3. a3 Nd5 4. Bb2 Ngf6 5. e3 e6 6. Nf3 Be7 7. Be2 0-0 8. 0-0 Nb6 9. a4 a5 10. c4 d6 11. Nc3 e5 12. d3 Bg4 13. h3 Bh5 14. Ne4 Nbd7 15. Nxf6+ Bxf6 16. Qc2 Bg6 17. Rfd1 Nc5 18. Qd2 Nb3 19. Qc2 Nxa1 20. Bxa1 Re8 21. Qd2 e4 22. dxe4 Bxe4 23. Bxf6 Qxf6 24. Qd4 Qg6 25. c5 Re6 26. cxd6 Rxd6 27. Qc4 1-0

[Event "SN-2012-0-00416"]
[Site "LSS email"]
[Date "2012.01.20"]
[Round "?"]
[White "Krivoshey, Dmitrij"]
[Black "Chandler, Mark"]
[Result "0-1"]
[WhiteElo "518"]
[BlackElo "940"]
[PlyCount "58"]
[EventDate "2012.01.06"]
[EventType "tourn (corr)"]
[EventRounds "6"]
[EventCountry "GER"]
[SourceTitle "Telechess CBM 153"]
[Source "ChessBase"]
[SourceDate "2013.03.14"]
[SourceVersion "1"]
[SourceVersionDate "2013.03.14"]
[SourceQuality "1"]

1. e4 e5 2. Nf3 Nf6 3. Nc3 Bb4 4. Nxe5 d6 5. Nf3 Bxc3 6. bxc3 0-0 7. d3 Nc6 8. Ba3 Bg4 9. Rb1 Rb8 10. Be2 Ne5 11. Nxe5 Bxe2 12. Qxe2 dxe5 13. Bxf8 Qxf8 14. 0-0 Qa3 15. Qd2 Rd8 16. Rfe1 b6 17. d4 c5 18. Re3 Qxa2 19. Rbe1 Qa5 20. Rg3 h6 21. Qe2 cxd4 22. cxd4 Rxd4 23. Rd3 Rxe4 24. Rd8+ Kh7 25. Kf1 Rxe2 26. Rxe2 Qb5 27. g3 Ng4 28. Rdd2 Nxh2+ 29. Kg2 Ng4 0-1

[Event "RN-2012-0-00441"]
[Site "LSS email"]
[Date "2012.01.18"]
[Round "?"]
[White "Krivoshey, Dmitrij"]
[Black "Venturas, Bob"]
[Result "1-0"]
[WhiteElo "517"]
[BlackElo "729"]
[PlyCount "73"]
[EventDate "2012.01.03"]
[EventType "tourn (corr)"]
[EventRounds "6"]
[EventCountry "GER"]
[SourceTitle "Telechess CBM 153"]
[Source "ChessBase"]
[SourceDate "2013.03.14"]
[SourceVersion "1"]
[SourceVersionDate "2013.03.14"]
[SourceQuality "1"]

1. e4 e5 2. Nf3 Nc6 3. d4 d6 4. Bb5 Bd7 5. Nc3 h6 6. 0-0 a6 7. Ba4 b5 8. Bb3 Nf6 9. a3 Be7 10. Re1 0-0 11. Be3 Na5 12. Qd2 Nxb3 13. cxb3 Nh7 14. b4 f5 15. dxe5 fxe4 16. Qd5+ Kh8 17. Nxe4 Rf5 18. Bd4 dxe5 19. Bxe5 c6 20. Qd4 Bf6 21. Bxf6 Nxf6 22. Ne5 Nd5 23. Nd6 Be6 24. Nxf5 Qf6 25. Nd6 Rd8 26. Nb7 Rf8 27. Rad1 Bc8 28. Nc5 Rd8 29. Ncd7 Bxd7 30. Nxd7 Qxd4 31. Rxd4 Rxd7 32. Re8+ Kh7 33. f4 Rf7 34. g3 Nc7 35. Rc8 Ne6 36. Rd6 Rc7 37. Re8 1-0

[Event "OP-2012-0-01998"]
[Site "LSS email"]
[Date "2012.01.12"]
[Round "?"]
[White "Andraschko, Felix"]
[Black "Krivoshey, Dmitrij"]
[Result "1-0"]
[WhiteElo "2148"]
[BlackElo "517"]
[PlyCount "25"]
[EventDate "2012.01.10"]
[EventType "tourn (corr)"]
[EventRounds "4"]
[EventCountry "GER"]
[SourceTitle "Corr 2015"]
[Source "ChessBase"]
[SourceDate "2015.07.17"]
[SourceVersion "1"]
[SourceVersionDate "2015.07.17"]
[SourceQuality "1"]

1. e4 e5 2. Nf3 Nc6 3. Bc4 Nf6 4. Ng5 d5 5. exd5 Nxd5 6. d4 Nxd4 7. c3 h6 8. Nxf7 Kxf7 9. cxd4 Bb4+ 10. Bd2 Bxd2+ 11. Nxd2 Ke7 12. 0-0 c6 13. Re1 1-0

[Event "ZN-2012-0-01813"]
[Site "LSS email"]
[Date "2012.01.10"]
[Round "?"]
[White "Latopolski, Marek"]
[Black "Krivoshey, Dmitrij"]
[Result "0-1"]
[WhiteElo "800"]
[BlackElo "517"]
[PlyCount "28"]
[EventDate "2012.01.04"]
[EventType "match (corr)"]
[EventRounds "2"]
[EventCountry "GER"]
[SourceTitle "Corr 2015"]
[Source "ChessBase"]
[SourceDate "2015.07.17"]
[SourceVersion "1"]
[SourceVersionDate "2015.07.17"]
[SourceQuality "1"]

1. e4 e5 2. Nf3 Nc6 3. Bb5 Bd6 4. 0-0 Nf6 5. d3 0-0 6. Nc3 a6 7. Bc4 b5 8. Bb3 Bc5 9. Bg5 h6 10. Bxf6 Qxf6 11. Nd5 Qd6 12. c3 Rb8 13. c4 Nd4 14. Nxd4 Bxd4 0-1

[Event "SN-2011-0-00411"]
[Site "LSS email"]
[Date "2012.01.04"]
[Round "?"]
[White "Krivoshey, Dmitrij"]
[Black "Jokmin, Guido"]
[Result "1-0"]
[WhiteElo "517"]
[BlackElo "678"]
[PlyCount "59"]
[EventDate "2011.12.23"]
[EventType "tourn (corr)"]
[EventRounds "6"]
[EventCountry "GER"]
[SourceTitle "Telechess CBM 157"]
[Source "ChessBase"]
[SourceDate "2013.11.12"]
[SourceVersion "1"]
[SourceVersionDate "2013.11.12"]
[SourceQuality "1"]

1. e4 e5 2. Nf3 Nf6 3. Nc3 b6 4. Nxe5 d6 5. Nf3 Be7 6. Bb5+ Bd7 7. Qe2 0-0 8. 0-0 a6 9. Bxd7 Nbxd7 10. d4 d5 11. exd5 Bd6 12. Bg5 Re8 13. Ne4 h6 14. Bh4 Kh8 15. Nfd2 Qc8 16. Qf3 Be7 17. Rae1 Nxd5 18. Bxe7 Rxe7 19. c4 Nb4 20. Qa3 a5 21. f4 Re8 22. Re2 Nc2 23. Qc3 Nb4 24. Qb3 Nc6 25. Nf3 a4 26. Qb5 Ne7 27. d5 Ra5 28. Qb4 Nf5 29. Rfe1 Qa6 30. Nc5 1-0

[Event "RN-2011-0-00432"]
[Site "LSS email"]
[Date "2011.12.23"]
[Round "?"]
[White "Krivoshey, Dmitrij"]
[Black "Molina, Vicente Andres"]
[Result "1/2-1/2"]
[WhiteElo "650"]
[BlackElo "820"]
[PlyCount "71"]
[EventDate "2011.12.12"]
[EventType "tourn (corr)"]
[EventRounds "6"]
[EventCountry "GER"]
[SourceTitle "Telechess CBM 157"]
[Source "ChessBase"]
[SourceDate "2013.11.12"]
[SourceVersion "1"]
[SourceVersionDate "2013.11.12"]
[SourceQuality "1"]

1. e4 c5 2. Bb5 a6 3. Bc4 e6 4. Nf3 d5 5. exd5 exd5 6. Qe2+ Be6 7. Bb3 Nf6 8. 0-0 Be7 9. c3 0-0 10. d4 cxd4 11. Nxd4 Bg4 12. Qc2 Nc6 13. Nd2 Nxd4 14. cxd4 Rc8 15. Qd3 b5 16. f3 Bh5 17. g4 Bg6 18. Qe2 Re8 19. g5 Nh5 20. f4 Nxf4 21. Qg4 Ne6 22. Nf3 Bd3 23. Re1 Bb4 24. Re5 Be4 25. g6 hxg6 26. Ng5 Nxg5 27. Rxe8+ Qxe8 28. Qxg5 Qe6 29. a4 Be7 30. Qg3 Bd6 31. Bf4 Bxf4 32. Qxf4 Qh3 33. Qg3 Qd7 34. a5 Rc6 35. Rf1 Rf6 36. Bd1 1/2-1/2

[Event "RN-2011-0-00421"]
[Site "LSS email"]
[Date "2011.11.20"]
[Round "?"]
[White "Krivoshey, Dmitrij"]
[Black "Bester, Kazimierz"]
[Result "1-0"]
[WhiteElo "650"]
[BlackElo "706"]
[PlyCount "83"]
[EventDate "2011.10.27"]
[EventType "tourn (corr)"]
[EventRounds "6"]
[EventCountry "GER"]
[SourceTitle "Telechess CBM 157"]
[Source "ChessBase"]
[SourceDate "2013.11.12"]
[SourceVersion "1"]
[SourceVersionDate "2013.11.12"]
[SourceQuality "1"]

1. e4 d5 2. d3 d4 3. Bg5 f6 4. Bd2 c5 5. c4 b6 6. f4 Nc6 7. f5 Kd7 8. g3 Bb7 9. Bg2 Ne5 10. Bf4 Qc7 11. Qa4+ Bc6 12. Qc2 Rd8 13. a3 Kc8 14. Ne2 Be8 15. 0-0 Bh5 16. Rf2 Bxe2 17. Rxe2 h6 18. b4 Rd6 19. Bxe5 fxe5 20. Nd2 Nf6 21. Nb3 cxb4 22. axb4 Ng4 23. Rc1 Ne3 24. Qa2 e6 25. c5 Rc6 26. fxe6 Be7 27. Ree1 Rf8 28. Qa4 Kb8 29. cxb6 Qxb6 30. Rxc6 Qxb4 31. Ra1 Qxa4 32. Rxa4 Bf6 33. Rb4+ Ka8 34. Nc5 Be7 35. Rb5 Bxc5 36. Rcxc5 Ng4 37. e7 Re8 38. Rc7 a6 39. Rb1 Nf6 40. Bh3 g5 41. Bd7 Nxd7 42. Rxd7 1-0

[Event "RN-2011-0-00421"]
[Site "LSS email"]
[Date "2011.11.20"]
[Round "?"]
[White "Venturas, Bob"]
[Black "Krivoshey, Dmitrij"]
[Result "1-0"]
[WhiteElo "758"]
[BlackElo "650"]
[PlyCount "67"]
[EventDate "2011.10.27"]
[EventType "tourn (corr)"]
[EventRounds "6"]
[EventCountry "GER"]
[SourceTitle "Telechess CBM 157"]
[Source "ChessBase"]
[SourceDate "2013.11.12"]
[SourceVersion "1"]
[SourceVersionDate "2013.11.12"]
[SourceQuality "1"]

1. e4 e5 2. Nf3 Nc6 3. Bc4 Nf6 4. Ng5 d5 5. exd5 Nxd5 6. d3 Bb4+ 7. c3 Ba5 8. Qf3 0-0 9. Qh5 h6 10. Ne4 Nf4 11. Bxf4 exf4 12. 0-0 a6 13. Nbd2 Bb6 14. Rfe1 Be6 15. Bb3 Qxd3 16. Rad1 Bxb3 17. Nxb3 Qc2 18. Rd2 Qxd2 19. Nexd2 Rae8 20. Ne4 Re5 21. Qd1 Rfe8 22. Qd3 Ne7 23. Kf1 Ng6 24. f3 Nh4 25. Qd7 a5 26. Rd1 R5e7 27. Qg4 Ng6 28. h4 Be3 29. h5 b6 30. hxg6 fxg6 31. Qxg6 Re6 32. Qf5 a4 33. Nd4 c5 34. Nxe6 1-0

[Event "SN-2011-0-00392"]
[Site "LSS email"]
[Date "2011.10.24"]
[Round "?"]
[White "Krivoshey, Dmitrij"]
[Black "Gergely, Monica"]
[Result "1-0"]
[WhiteElo "650"]
[BlackElo "666"]
[PlyCount "33"]
[EventDate "2011.10.16"]
[EventType "tourn (corr)"]
[EventRounds "6"]
[EventCountry "GER"]
[SourceTitle "Corr 2015"]
[Source "ChessBase"]
[SourceDate "2015.07.17"]
[SourceVersion "1"]
[SourceVersionDate "2015.07.17"]
[SourceQuality "1"]

1. e4 c6 2. Nc3 d5 3. d4 e6 4. Nf3 Bb4 5. Bd3 Qb6 6. a3 Be7 7. e5 Bd7 8. b4 a5 9. 0-0 axb4 10. Rb1 c5 11. dxc5 Bxc5 12. Ng5 Nc6 13. Qf3 Nxe5 14. Qf4 Nf6 15. Qxe5 Bd6 16. Nxd5 Qc5 17. Nxf6+ 1-0

[Event "RN-2011-0-00393"]
[Site "LSS email"]
[Date "2011.07.13"]
[Round "?"]
[White "Krivoshey, Dmitrij"]
[Black "Secondi, Alberto"]
[Result "1-0"]
[WhiteElo "587"]
[BlackElo "661"]
[PlyCount "37"]
[EventDate "2011.06.25"]
[EventType "tourn (corr)"]
[EventRounds "6"]
[EventCountry "GER"]
[SourceTitle "Telechess CBM 149"]
[Source "ChessBase"]
[SourceDate "2012.07.17"]
[SourceVersion "1"]
[SourceVersionDate "2012.07.17"]
[SourceQuality "1"]

1. e4 d6 2. d4 g6 3. Bb5+ Bd7 4. c4 c6 5. Ba4 Qa5+ 6. Nc3 Bg7 7. Nf3 c5 8. Bxd7+ Nxd7 9. 0-0 cxd4 10. Nxd4 Ngf6 11. Re1 0-0 12. Bd2 Qc5 13. Nf3 Ng4 14. Be3 Nxe3 15. Rxe3 Qxc4 16. a3 Rac8 17. Rc1 Nb6 18. b3 Qd4 19. Nxd4 1-0

[Event "RN-2011-0-00392"]
[Site "LSS email"]
[Date "2011.07.09"]
[Round "?"]
[White "Krivoshey, Dmitrij"]
[Black "Croke, Pat"]
[Result "1-0"]
[WhiteElo "2186"]
[BlackElo "579"]
[PlyCount "75"]
[EventDate "2011.06.23"]
[EventType "tourn (corr)"]
[EventRounds "6"]
[EventCountry "GER"]
[SourceTitle "Telechess CBM 151"]
[Source "ChessBase"]
[SourceDate "2012.11.13"]
[SourceVersion "1"]
[SourceVersionDate "2012.11.13"]
[SourceQuality "1"]

1. e4 e5 2. Nf3 Nc6 3. Bb5 a6 4. Bxc6 dxc6 5. Nxe5 Qd4 6. Nf3 Qxe4+ 7. Qe2 Qxe2+ 8. Kxe2 Bf5 9. d3 Bc5 10. Re1 0-0-0 11. Kf1 h5 12. Re5 Bxd3+ 13. cxd3 Bd6 14. Re2 f6 15. g3 g5 16. Nbd2 g4 17. Nh4 Ne7 18. d4 f5 19. Nc4 Rhe8 20. Bg5 Rd7 21. Rae1 Bb4 22. Rd1 Red8 23. Nxf5 Nxf5 24. Bxd8 Rxd8 25. Ne5 Nxd4 26. Re4 Ne6 27. Rxd8+ Kxd8 28. Rxb4 Kc8 29. Nf7 b5 30. f4 gxf3 31. g4 hxg4 32. Rxg4 Nc5 33. h4 Ne6 34. h5 Kb7 35. h6 Nf8 36. Rg8 Nh7 37. Ng5 Nf6 38. Rg6 1-0

[Event "OP-2011-0-01624"]
[Site "LSS email"]
[Date "2011.06.27"]
[Round "?"]
[White "Jacon, Marcel"]
[Black "Krivoshey, Dmitrij"]
[Result "1-0"]
[WhiteElo "1616"]
[BlackElo "2186"]
[PlyCount "29"]
[EventDate "2011.06.25"]
[EventType "tourn (corr)"]
[EventRounds "4"]
[EventCountry "GER"]
[SourceTitle "Corr 2015"]
[Source "ChessBase"]
[SourceDate "2015.07.17"]
[SourceVersion "1"]
[SourceVersionDate "2015.07.17"]
[SourceQuality "1"]

1. e4 e5 2. Nf3 Nc6 3. Bb5 a6 4. Bxc6 bxc6 5. Nc3 d6 6. d4 Nf6 7. dxe5 Ng4 8. exd6 cxd6 9. 0-0 d5 10. exd5 cxd5 11. Re1+ Be7 12. Qxd5 0-0 13. Qxa8 Bb4 14. h3 Bd7 15. Qxd8 1-0

[Event "SN-2011-0-00355"]
[Site "LSS email"]
[Date "2011.06.27"]
[Round "?"]
[White "Krivoshey, Dmitrij"]
[Black "Carvalho Guimaraes, Joao Paulo"]
[Result "0-1"]
[WhiteElo "650"]
[BlackElo "1119"]
[PlyCount "44"]
[EventDate "2011.06.15"]
[EventType "tourn (corr)"]
[EventRounds "6"]
[EventCountry "GER"]
[SourceTitle "Telechess CBM 157"]
[Source "ChessBase"]
[SourceDate "2013.11.12"]
[SourceVersion "1"]
[SourceVersionDate "2013.11.12"]
[SourceQuality "1"]

1. e4 c5 2. Bb5 a6 3. Bc4 Nc6 4. a3 e6 5. Nf3 b5 6. Ba2 Bb7 7. 0-0 Bd6 8. g3 Nf6 9. d3 0-0 10. Re1 Qc7 11. Nh4 Be7 12. e5 Nxe5 13. Bf4 Qc6 14. f3 Nxf3+ 15. Nxf3 Qxf3 16. Qxf3 Bxf3 17. Nd2 Bc6 18. Ne4 Nxe4 19. dxe4 c4 20. c3 f5 21. e5 Bc5+ 22. Be3 Bxe3+ 0-1

[Event "SN-2011-0-00355"]
[Site "LSS email"]
[Date "2011.06.27"]
[Round "?"]
[White "Krivoshey, Dmitrij"]
[Black "Wallerstorfer, Josef"]
[Result "0-1"]
[WhiteElo "650"]
[BlackElo "880"]
[PlyCount "32"]
[EventDate "2011.06.15"]
[EventType "tourn (corr)"]
[EventRounds "6"]
[EventCountry "GER"]
[SourceTitle "Corr 2015"]
[Source "ChessBase"]
[SourceDate "2015.07.17"]
[SourceVersion "1"]
[SourceVersionDate "2015.07.17"]
[SourceQuality "1"]

1. e4 e5 2. Nf3 d6 3. Bb5+ c6 4. Ba4 Nf6 5. Nc3 Be7 6. d4 exd4 7. Qxd4 0-0 8. h4 Re8 9. h5 Bf8 10. 0-0 Bg4 11. e5 dxe5 12. Qxd8 Rxd8 13. h6 Bxf3 14. gxf3 gxh6 15. Ne4 Nxe4 16. fxe4 Nd7 0-1